History Quiz

Random History or Politics Quiz

A Historic Trip To Washington Quiz Stats

 Plays Quiz Updated Jun 14, 2015

Score 0/22 Timer 07:00
2 Plays Today
% Correct
District of COLUMBIA
98.1%
The US SUPREME Court Building
90.1%
Thomas JEFFERSON
88.9%
The US CAPITOL Building
84.5%
The WASHINGTON Monument
83.4%
LINCOLN Memorial
82.7%
Tomb Of The UNKNOWN Soldier
81.3%
President Harry S. TRUMAN had the awnings removed for his new balcony
80.9%
ARLINGTON National Cemetery
78.4%
CIVIL War
77.9%
GETTYSBURG Address
76.6%
% Correct
'… Known But To GOD'
69.9%
John HANCOCK, who famously signed the final document
66.9%
SENATE chamber
66.3%
Equal JUSTICE Under Law
60.7%
'The FEDERALIST Papers'
56.8%
Daniel WEBSTER
49.3%
'Father of the American REVOLUTION'
46.2%
'…He Saved The UNION…'
42.6%
'To our DEAD'
21.8%
'… with CHARITY for all…'
17.4%
The UNANIMOUS Declaration of the thirteen United States of America
14.3%

You're not logged in!

Compare scores with friends on all Sporcle quizzes.
OR
Log In

Sporcle TV

Today on Sporcle TV


Watch our educational content, quiz creation guides, and fun videos on Sporcle TV.

Show Comments

Extras

Top Quizzes Today


Score Distribution

Your Account Isn't Verified!

In order to create a playlist on Sporcle, you need to verify the email address you used during registration. Go to your Sporcle Settings to finish the process.

Report this User

Report this user for behavior that violates our Community Guidelines.

Details: